<?xml version="1.0" encoding="UTF-8"?>
<record
    xmlns:xsi="http://www.w3.org/2001/XMLSchema-instance"
    xsi:schemaLocation="http://www.loc.gov/MARC21/slim http://www.loc.gov/standards/marcxml/schema/MARC21slim.xsd"
    xmlns="http://www.loc.gov/MARC21/slim">

  <leader>01391nam a2200217 u 4500</leader>
  <controlfield tag="001">24191</controlfield>
  <controlfield tag="005">20260506070822.0</controlfield>
  <controlfield tag="008">960313s1978                        spa  </controlfield>
  <datafield tag="035" ind1=" " ind2=" ">
    <subfield code="a">24191</subfield>
  </datafield>
  <datafield tag="035" ind1=" " ind2=" ">
    <subfield code="a">(OCoLC)778064287</subfield>
  </datafield>
  <datafield tag="040" ind1=" " ind2=" ">
    <subfield code="c">comduadb</subfield>
  </datafield>
  <datafield tag="041" ind1=" " ind2=" ">
    <subfield code="a">spa</subfield>
  </datafield>
  <datafield tag="082" ind1=" " ind2="4">
    <subfield code="a">863</subfield>
  </datafield>
  <datafield tag="100" ind1="1" ind2="0">
    <subfield code="a">Parra, Teresa de la</subfield>
    <subfield code="4">aut</subfield>
    <subfield code="e">aut</subfield>
    <subfield code="9">243793</subfield>
  </datafield>
  <datafield tag="245" ind1="1" ind2="0">
    <subfield code="a">Memorias de mama blanca</subfield>
  </datafield>
  <datafield tag="250" ind1=" " ind2=" ">
    <subfield code="a">1. edici&#xF3;n</subfield>
  </datafield>
  <datafield tag="260" ind1=" " ind2=" ">
    <subfield code="a">Venezuela :</subfield>
    <subfield code="b">Cid,</subfield>
    <subfield code="c">1978.</subfield>
  </datafield>
  <datafield tag="300" ind1=" " ind2=" ">
    <subfield code="a">174 p&#xE1;ginas</subfield>
  </datafield>
  <datafield tag="520" ind1="3" ind2=" ">
    <subfield code="a">RESUMEN : La novela relata momentos importantes de su infancia, en especial sobre la relaci&#xF3;n con su familia. Se desarrolla en la hacienda de su padre en la que exist&#xED;a un trapiche para fabricar papel&#xF3;n. Son &#xE9;stas las memorias de una jovial anciana que cuenta sus travesuras infantiles. Teresa de la Parra conoci&#xF3; casualmente a esa anciana, con la que no estaba ligada por ning&#xFA;n lazo de parentesco, pero s&#xED; por misteriosas afinidades espirituales. A lo largo de sus p&#xE1;ginas, los ojos de Blanca Nieves van describiendo personajes emblem&#xE1;ticos de un pa&#xED;s que experimentaba un profundo proceso de transformaciones pol&#xED;ticas, sociales, culturales y econ&#xF3;micas. Entre los personajes est&#xE1;n Evelyn, la estricta mulata tra&#xED;da de Trinidad, el Primo Juancho, el ilustrado europe&#xED;sta y Vicente Cochocho, pe&#xF3;n de hacienda, quien se expresaba con palabras propias del siglo XVI.</subfield>
  </datafield>
  <datafield tag="942" ind1=" " ind2=" ">
    <subfield code="c">BOOK</subfield>
  </datafield>
  <datafield tag="999" ind1=" " ind2=" ">
    <subfield code="c">48498</subfield>
    <subfield code="d">48498</subfield>
  </datafield>
  <datafield tag="952" ind1=" " ind2=" ">
    <subfield code="0">0</subfield>
    <subfield code="1">0</subfield>
    <subfield code="4">0</subfield>
    <subfield code="7">0</subfield>
    <subfield code="8">LILAT</subfield>
    <subfield code="a">BC</subfield>
    <subfield code="b">BC</subfield>
    <subfield code="d">1998-05-06</subfield>
    <subfield code="i">C38419</subfield>
    <subfield code="l">0</subfield>
    <subfield code="o">V863 P259m</subfield>
    <subfield code="p">61000002810477</subfield>
    <subfield code="r">2023-04-21 00:00:00</subfield>
    <subfield code="t">1</subfield>
    <subfield code="w">2023-04-21</subfield>
    <subfield code="y">BOOK</subfield>
  </datafield>
</record>
